Branding a jeho význam v marketingovej stratégii firmy diplomová práca

Gespeichert in:
Bibliographische Detailangaben
1. Verfasser: Sivčáková, Lucia
Körperschaft: Obchodná fakulta EU. Katedra marketingu
Weitere Verfasser: Loydlová, Miroslava
Format: Buch
Sprache:Slowakisch
Veröffentlicht: Bratislava 2018
Tags: Tag hinzufügen
Keine Tags, Fügen Sie das erste Tag hinzu!

MARC

LEADER 00000nbm a2200000 4500
001 0243365
005 20181219103339.6
041 0 |a slo 
044 |a SK 
245 1 0 |a Branding a jeho význam v marketingovej stratégii firmy  |b diplomová práca  |c Lucia Sivčáková ; školiteľ: Miroslava Loydlová 
264 1 |a Bratislava  |c 2018 
300 |a 69 s. 
100 1 |a Sivčáková, Lucia 
700 1 |a Loydlová, Miroslava 
710 2 |a Obchodná fakulta EU. Katedra marketingu